01005nam a22002417a 4500999001700000003000900017008004100026040007100067082001800138100003400156245009900190260003400289300003000323505013700353650003300490650003200523650002400555650001500579700003500594942001600629945002000645952009800665 c18873d18873AR-CdUCM190515b ||||| |||| 00| 0 spa d aMUNICIPALIDAD PROVINCIAL DEL CUSCOcBIBLIOTECA MUNICIPAL DEL CUSCO a347.51 /bM17 aMaisch von Humboldt, Lucrecia aLa sociedad anónima y la sociedad comercial de responsabilidad limitada en la ley de 1966 /  aLima :bUniversitaria,c1966. a222 páginas ;c22.5 cm. aContenido: Disposiciones generales -- De la sociedad colectiva -- De la sociedad en comandita simple -- De la sociedad anónima ... aSociedades comerciales98648 aSociedades anónimas95290 aLegislación92962 aPerú935 aSimas de Souza, Cecilia939765 2ddccLIBROS aacvd2019-05-15 002ddc4070aSHbSHcCARTd2019-05-15g25.00o347.51 / M17pSH0000013722r2019-05-15yLIBROS